000 00877nas a2200289 4500
001 BR0203225
003 BR-BrBNA
005 20231205103045.0
007 ta
008 230509b bl.|||p| |||| 00| 00por d
040 _aBR-BrBNA
_bpor
_cBiblioteca Nacional de Agricultura
041 _a(Pt)
072 _aF02
100 1 _aCouceiro, M.A.
100 1 _aSiqueira, D.L. de
100 1 _aPereira, W.E.
245 1 _aCrescimento in vitro de explantes da bananeira Prata Anã em função de marcas e concentrações de ágar
650 _aBANANA PRATA
650 _aEXPLANTE
650 _aCRESCIMENTO
650 _aMICROPROPAGAÇÃO
650 _aENRAIZAMENTO
650 _aMEIO DE CULTURA
773 0 _tRevista Ceres (Brazil)
_xISSN 0034-737X
_g(Nov-Dec 2001), v. 48(280) p. 671-680
_wBR0203225
909 _a202311
_bLúcia
_c55
_dLúcia Elande
942 _2AGRIS
_n0
_cANA
999 _c170820
_d170820